| 000 | 00744 a2200229 4500 | ||
|---|---|---|---|
| 003 | Nust | ||
| 005 | 20170207164424.0 | ||
| 020 | _a0-471-22112-0 | ||
| 020 | _a978-0-471-22112-8 | ||
| 040 | _cNust | ||
| 082 |
_a621.382 _b2 |
||
| 082 |
_a621.382 _b2 |
||
| 100 | 1 | _aChassaing, Rulph | |
| 245 | 0 | 0 |
_aDSP applications using C and the TMS320C6x DSK (E BOOK) _h[Elektronisk resurs] / _cRulph Chassaing |
| 260 |
_aNew York : _bJ. Wiley, _c2002 |
||
| 440 | 0 | _aTopics in digital signal processing | |
| 500 | _aE-book | ||
| 650 | 0 | _aC (Computer program language) | |
| 650 | 0 |
_aSignal processing _xDigital techniques |
|
| 650 | 0 | _aTexas Instruments TMS320 series microprocessors | |
| 856 | 4 | 0 | _uhttp://www3.interscience.wiley.com/cgi-bin/booktoc?ID=93513875 |
| 942 |
_2ddc _cBK |
||
| 999 |
_c208930 _d208930 |
||